|
|
|
|
| LEADER |
01271nab#a2200349#ar4500 |
| 001 |
000097421 |
| 003 |
SVKKK |
| 005 |
20090923094935.0 |
| 008 |
080512d1906 xo |||||||||||||||b|hun |
| FMT |
|
|
|
| 038 |
|
|
|a SVKKK
|
| 040 |
|
|
|a SVKKK
|b slo
|e AACR2
|
| 041 |
0 |
|
|a hun
|
| 044 |
|
|
|a xo
|c SK
|
| 080 |
|
|
|a 353
|2 1997
|
| 242 |
1 |
0 |
|a Instalácija hlavného župana Júliusa Mecznera
|y slo
|
| 245 |
1 |
0 |
|a Meczner Gyula főispán installációja
|
| 500 |
|
|
|a Popis z mikrofilmu
|
| 500 |
|
|
|a Dohľadanie
|
| 520 |
2 |
|
|a Správa o tom, že slávnostná inštalácija hlavného župana Zemplínskej župy Júliusa Mecznera st. prebehne 1. mája 1906
|
| 600 |
1 |
4 |
|a Meczner, Július
|c Deteki és Tengerfalvi
|d 1861-1918
|x župný úradník, hlavný župan Zemplína
|z Sátoraljaújhely (Slovensko/Maďarsko)
|y 1906
|
| 650 |
0 |
4 |
|a inštalácija hlavného župana Zemplínskej župy
|x prípravné práce
|z Sátoraljaújhely (Slovensko/Maďarsko)
|y 1906
|
| 655 |
|
4 |
|a hungariká
|
| 773 |
0 |
|
|t Felsömagyarországi Hirlap : Politikai ujság
|g Roč. 9, č. 33 (28.04.1906) s. 3
|
| 957 |
|
|
|a Sátoraljaújhely
|
| 958 |
|
|
|a DG
|
| 958 |
|
|
|a HU
|
| 974 |
|
|
|a Ba
|
| 992 |
|
|
|a RBX
|
| 997 |
|
|
|a Meczner, Gyula id. p. Meczner, Július starší
|d Sátoraljaújhely
|
| BAS |
|
|
|
| 998 |
|
|
|a RETRO
|